BRITANIC BOOK OF THE YEAR (Record no. 580103)

000 -LEADER
fixed length control field 00295nam a22001217a 4500
020 ## - INTERNATIONAL STANDARD BOOK NUMBER
International Standard Book Number 0068-1156
082 ## - DEWEY DECIMAL CLASSIFICATION NUMBER
Classification number 032.02 BRI'E
100 ## - MAIN ENTRY--PERSONAL NAME
Personal name ENCYCLOPEDIA BRITANNIC
9 (RLIN) 74588
245 ## - TITLE STATEMENT
Title BRITANIC BOOK OF THE YEAR
260 ## - PUBLICATION, DISTRIBUTION, ETC.
Place of publication, distribution, etc. CHICAGO
Name of publisher, distributor, etc. ENCYCLOPEDIA BRITANNICA
Date of publication, distribution, etc. 1983
300 ## - PHYSICAL DESCRIPTION
Extent 766P
942 ## - ADDED ENTRY ELEMENTS (KOHA)
Koha item type Book
Holdings
Withdrawn status Lost status Damaged status Not for loan Permanent Location Current Location Shelving location Date acquired Total Checkouts Full call number Barcode Date last seen Price effective from Koha item type
        College of Electrical & Mechanical Engineering (CEME) College of Electrical & Mechanical Engineering (CEME) General Stacks 05/09/2017   032.02 BRI'E CEME-15263 06/28/2021 06/28/2021 Book
© 2023 Central Library, National University of Sciences and Technology. All Rights Reserved.